Ondas y oscilaciones

Guardado en:
Detalles Bibliográficos
Autor principal: Waldron, R. A (Autor)
Formato: Libro
Lenguaje:español
Publicado: Ciudad de México Reverté 1968
Colección:Van Nostrand Momentum Books, 4
Materias:
Etiquetas: Agregar Etiqueta
Sin Etiquetas, Sea el primero en etiquetar este registro!

MARC

LEADER 00000nam a2200000 a 4500
001 UCU5048
003 CL-VaPUC
008 960531e19680000MX |||||||||||||||||spa|d
082 0 4 |a 531.3  |b WAL  |2 21 
100 0 |a Waldron, R. A  |e author  |9 362904 
245 1 0 |a Ondas y oscilaciones 
300 |a 155 p 
942 |c BK 
945 |d 19960531 00:00:00  |a cmena 
260 |a Ciudad de México  |b Reverté  |c 1968 
650 0 |a Propagación de ondas  |9 263256 
650 0 |a Oscilaciones   |9 344730 
650 0 |a Movimiento física  |9 359702 
650 0 |a Amplitud   |9 360832 
650 0 |a Reflexión (óptica)  |9 360535 
650 7 |a RADIACION ELECTROMAGNETICA  |2 CL-VaPUC  |9 345469 
650 7 |a REFRACCION  |2 CL-VaPUC  |9 362905 
650 7 |a INTERFERENCIA DE ONDAS  |2 CL-VaPUC  |9 362906 
583 |a last modification  |c 20150713 14:25:23  |k Rodrigo Vera 
490 0 |a Van Nostrand Momentum Books, 4 
999 |c 248557  |d 248555 
952 |0 0  |1 0  |4 0  |6 531_300000000000000_WAL_1968  |7 0  |8 A  |9 265253  |a BIBING  |b BIBING  |d 2019-11-19  |i 1668706  |o 531.3 WAL 1968  |p 1668706  |r 2025-01-20  |w 2019-11-19  |y BK  |k EIE